[Event "11. OSEM 2017"]
[Site "Büsum"]
[Date "2017.09.11"]
[Round "4.1"]
[White "Knaak, Joachim"]
[Black "Ackermann, Hans Werner"]
[Result "1/2-1/2"]
[BlackElo "2295"]
[BlackTeam "SC Hansa Dortmund"]
[WhiteElo "2129"]
[WhiteTeam "SV Dresden-Leuben"]

1. d4 d6 2. e4 Nf6 3. Nc3 Nbd7 4. Nf3 e5 5. Bc4 Be7 6. O-O  O-O  7. Re1
c6 8. a4 a5 9. h3 Qc7 10. Be3 Nb6 11. Ba2 Nfd7 12. Qe2 exd4 13. Nxd4 Nc5 14.
Nf5 Bxf5 15. Bxc5 Be6 16. Bd4 Rae8 17. Bxe6 fxe6 18. Qg4 Bf6 19. Bxf6 Rxf6 20.
b3 Nd7 21. Re2 Ref8 22. Qg3 Ne5 23. Qe3 Ng6 24. Rd1 Nf4 25. Red2 d5 26. Ne2 Nh5
27. c4 Rxf2 28. exd5 exd5 29. cxd5 cxd5 30. Rxd5 Rxe2 31. Qxe2 Nf4 32. Qd2 Nxd5
 1/2-1/2

[Event "11. OSEM 2017"]
[Site "Büsum"]
[Date "2017.09.11"]
[Round "4.2"]
[White "Baum, Bernd, Dr."]
[Black "Gläser, Wilfried"]
[Result "1-0"]
[BlackElo "2129"]
[BlackTeam "SK Anderten"]
[WhiteElo "2268"]
[WhiteTeam "SC Fulda"]

1. c4 c5 2. Nf3 Nf6 3. g3 b6 4. Bg2 Bb7 5. O-O  g6 6. b3 Bg7 7. Bb2 O-O 
8. Nc3 d6 9. d4 cxd4 10. Nxd4 Bxg2 11. Kxg2 Qc8 12. f3 Qb7 13. e4 Nbd7 14. Re1
Rfe8 15. Qd2 a6 16. Rad1 Rac8 17. Re2 Rc5 18. Nc2 b5 19. Ne3 bxc4 20. Nxc4 Ne5
21. Na4 Rc7 22. Nxe5 dxe5 23. Bxe5 Rd7 24. Qe1 Red8 25. Rxd7 Qxd7 26. Bc3 Qd1
27. Rd2 Rxd2+ 28. Qxd2 Qxd2+ 29. Bxd2 Nd7 30. Bc3 Bf8 31. Bb4 e6 32. Bxf8 Kxf8
33. Kf2 Ke7 34. Ke3 Kd6 35. f4 f6 36. Nb2 h5 37. Nd3 e5 38. Nb4 a5 39. Nd3 Nb8
40. b4 axb4 41. Nxb4 Nd7 42. Nd3 g5 43. f5 Nb6 44. Nb2 Kc5 45. Kd3 Kb4 46. Nd1
Na4 47. h4 gxh4 48. gxh4 Nc5+ 49. Ke3 Nb7 50. Kf3 Nd6 51. Ke3 Kc4 52. Nf2 Kc3
53. Nh1 Nc4+ 54. Ke2 Kd4 55. Ng3 Nd6 56. Kf3 Nc4 57. Nxh5 Nd2+ 58. Kg4 Nxe4 59.
a4 Kc5 60. Ng3 Nd6 61. h5 Kb4 62. h6 Nf7 63. h7  1-0

[Event "11. OSEM 2017"]
[Site "Büsum"]
[Date "2017.09.11"]
[Round "4.3"]
[White "Bade, Uwe"]
[Black "Andersen, Knut"]
[Result "1-0"]
[BlackElo "2108"]
[BlackTeam "SF Buer"]
[WhiteElo "2157"]
[WhiteTeam "SC Friesen Lichtenberg"]

1. e4 c5 2. Nf3 Nc6 3. d4 cxd4 4. Nxd4 Qb6 5. Nb5 a6 6. Be3 Qd8 7. Nd4 Nf6 8.
Nc3 d6 9. Bc4 e6 10. Bb3 Qc7 11. O-O  Be7 12. f4 Na5 13. Qf3 Nxb3 14. cxb3
O-O  15. Rac1 Qa5 16. a3 e5 17. b4 Qd8 18. fxe5 dxe5 19. Nf5 Bxf5 20. Qxf5
Qd7 21. Nd5 Rad8 22. Rc7 Nxd5 23. Rxd7 Nxe3 24. Rxd8 Bxd8 25. Qd7 Nxf1 26. Kxf1
b6 27. a4 a5 28. Qd6 Re8 29. b5 g6 30. Ke2 Kg7 31. Kd3 h5 32. Kc4 Kg8 33. Kd5
Kg7 34. Qd7 Kf8 35. Qd6+ Kg7 36. Qb8 Kf8 37. h3 h4 38. b4 axb4 39. Qd6+ Kg7 40.
Qxb4 Bg5 41. Qe1 Ra8 42. Qf2 Bd8 43. Qc2 Bf6 44. Kd6 Re8 45. Kc7 Bd8+ 46. Kd7
Rf8 47. Qc3 Bf6 48. a5 bxa5 49. b6 Rd8+ 50. Kc7 Rd4 51. b7  1-0

[Event "11. OSEM 2017"]
[Site "Büsum"]
[Date "2017.09.11"]
[Round "4.4"]
[White "Just, Fred"]
[Black "Schumacher, Gottfried"]
[Result "0-1"]
[BlackElo "2273"]
[BlackTeam "HTC Bad Neuenahr"]
[WhiteElo "2121"]
[WhiteTeam "SV Werder Bremen"]

1. d4 d5 2. Nf3 Nf6 3. c4 e6 4. Nc3 c6 5. e3 a6 6. a3 Nbd7 7. Bd3 dxc4 8. Bxc4
b5 9. Be2 Bb7 10. b4 a5 11. Rb1 axb4 12. axb4 Bd6 13. e4 Qe7 14. Qb3 e5 15. d5
cxd5 16. exd5 O-O  17. Bxb5 e4 18. Nd4 Qe5 19. Nc6 Qf5 20. Be2 Rfe8 21. Be3
Ne5 22. Nb5 Bb8 23. Nbd4 Qg6 24. Nxe5 Bxe5 25. Nc6 Qxg2 26. Rf1 Bxh2 27. b5 Nd7
28. Bd4 Be5 29. Qb4 Bxd4 30. Qxd4 Ra2 31. Bc4 Ra4 32. d6 Kf8  0-1

[Event "11. OSEM 2017"]
[Site "Büsum"]
[Date "2017.09.11"]
[Round "4.5"]
[White "Oechslein, Rainer"]
[Black "Biller, Helmut, Dr."]
[Result "1/2-1/2"]
[BlackElo "2084"]
[BlackTeam "SF Frankfurt"]
[WhiteElo "2294"]
[WhiteTeam "SK Schweinfurt"]

1. e4 e5 2. Nf3 Nc6 3. Bc4 Bc5 4. c3 Nf6 5. O-O  Nxe4 6. d4 exd4 7. cxd4 d5
8. dxc5 dxc4 9. Qe2 Qe7 10. Re1 Nxc5 11. Qxc4 Be6 12. Qe2 O-O  13. Nc3 Rfe8
14. Bg5 f6 15. Be3 Rad8 16. Qb5 Nd3 17. Red1 Qb4 18. Rd2 a6 19. Qa4 Qxa4 20.
Nxa4 Nde5 21. Nxe5 Nxe5 22. Nc5 Rxd2 23. Bxd2 Bc8 24. Rc1 b6 25. Na4 Bd7 26.
Nc3 Nd3 27. Rb1 Be6 28. b3 c5 29. Be3 b5 30. a4 b4 31. Ne4 Rc8 32. Rd1 Bxb3 33.
Rxd3 Bc2 34. Nd6 Bxd3 35. Nxc8 b3 36. Bc1 Kf7 37. f3 Ke6 38. Kf2 Kd7 39. Nb6+
Kc6 40. a5 Kb5 41. Ke3 Bf1 42. g3 Kxa5 43. Nd5 Bc4 44. Bd2+ Ka4 45. Nc3+ Ka3
46. Ke4 Kb2 47. Na4+ Kc2 48. Ba5 Bb5 49. Nc3 Bc6+ 50. Ke3 b2 51. f4  b1=Q
52. Nxb1 Kxb1 53. Bb6 c4 54. Kd4 Bb5 55. Kc3 Kc1 56. g4 Kd1 57. f5 Ke2 58. Bd4
h6 59. h4 Kf3 60. g5 Kg4 61. Bxf6 hxg5 62. Bxg5 Kxf5 63. Bd8 Kg4 64. Kb4 g6 65.
Be7  1/2-1/2

[Event "11. OSEM 2017"]
[Site "Büsum"]
[Date "2017.09.11"]
[Round "4.6"]
[White "Zunker, Reinhard, Dr."]
[Black "Bartsch, Berthold"]
[Result "1/2-1/2"]
[BlackElo "2259"]
[BlackTeam "SC Forchheim"]
[WhiteElo "2103"]
[WhiteTeam "SV Hofheim"]

1. d4 Nf6 2. c4 e5 3. dxe5 Ng4 4. Bf4 Nc6 5. Nf3 Bb4+ 6. Nbd2 Qe7 7. e3 Ngxe5 8.
Nxe5 Nxe5 9. Be2 O-O  10. O-O  Ng6 11. Bg3 Bd6 12. Bxd6 Qxd6 13. Ne4
Qe7 14. Nc3 c6 15. Qd4 d6 16. Rfd1 Rd8 17. Ne4 d5 18. c5 Nf8 19. Nd6 Ne6 20.
Qe5 f6 21. Nf5 Qxc5 22. Qg3 Qf8 23. h4 Nc5 24. Bg4 Ne4 25. Qc7 Bxf5 26. Bxf5
Nd6 27. Bd3 Qf7 28. Qa5 Qh5 29. g3 Qe5 30. Rd2 Ne4 31. Bxe4 Qxe4 32. Rd4 Qe7
33. Rad1 b6 34. Qa6 Rd7 35. e4 Rad8 36. Qd3 Qe6 37. Qb3 g6 38. a4 f5 39. f3 Kf7
40. Qd3 Qe5 41. Kg2 c5 42. Rxd5 Rxd5 43. exd5 Qxb2+ 44. Rd2 Qd4 45. Qe2 Qf6 46.
Qc4 Qd6 47. Qa6 Rd7 48. Qc8 Kg7 49. Qa6 Qe5 50. Qc4 Qd6 51. Qc3+ Qf6 52. Qc4 f4
53. g4 Qe5 54. Qb3 Qe1 55. Qb2+ Kg8 56. Rd3 Qg3+ 57. Kf1 Qxh4 58. Qg2 Qf6 59.
Qd2 Qa1+ 60. Kg2 c4 61. Qc2 cxd3 62. Qc8+ Kg7 63. Qxd7+ Kh6 64. g5+ Kxg5 65.
Qg4+ Kh6 66. Qh4+  1/2-1/2

[Event "11. OSEM 2017"]
[Site "Büsum"]
[Date "2017.09.11"]
[Round "4.7"]
[White "Hess, Christian Mathias"]
[Black "Achenbach, Manfred"]
[Result "1-0"]
[BlackElo "2083"]
[BlackTeam "SC Mülheim"]
[WhiteElo "2238"]
[WhiteTeam "FC ST.Pauli"]

1. Nf3 d5 2. d4 c5 3. c4 e6 4. cxd5 exd5 5. Nc3 Nf6 6. Bg5 Be6 7. Bxf6 Qxf6 8.
e4 cxd4 9. Bb5+ Nd7 10. Bxd7+ Bxd7 11. Nxd5 Qg6 12. Qxd4 Bd6 13. O-O  O-O
 14. e5 Bg4 15. exd6  1-0

[Event "11. OSEM 2017"]
[Site "Büsum"]
[Date "2017.09.11"]
[Round "4.8"]
[White "Mertens, Klaus"]
[Black "Van den Berg, Ad"]
[Result "1/2-1/2"]
[BlackElo "2237"]
[BlackTeam "Aas Alsmeer"]
[WhiteElo "2084"]
[WhiteTeam "FC Bierstadt"]

1. Nf3 g6 2. g3 Bg7 3. d4 Nf6 4. Bg2 O-O  5. O-O  c6 6. b3 d6 7. Bb2 Qa5
8. Nbd2 Qh5 9. Nc4 Bh3 10. Ne3 Ng4 11. Nxg4 Bxg4 12. Re1 Nd7 13. Qd3 d5 14. Nd2
e5 15. e4 dxe4 16. Nxe4 exd4 17. Bxd4 Ne5 18. Qc3 Rad8 19. Nf6+ Bxf6 20. Bxe5
Bxe5 21. Rxe5  1/2-1/2

[Event "11. OSEM 2017"]
[Site "Büsum"]
[Date "2017.09.11"]
[Round "4.9"]
[White "Postler, Reinhard"]
[Black "Niebling, Ferdinand"]
[Result "1/2-1/2"]
[BlackElo "2059"]
[BlackTeam "SC Frankfurt-West"]
[WhiteElo "2221"]
[WhiteTeam "TSG Oberschöneweide"]

1. e4 e6 2. d4 d5 3. Nd2 dxe4 4. Nxe4 Bd7 5. Nf3 Bc6 6. Bd3 Nd7 7. O-O  Ngf6
8. Ng3 Be7 9. Re1 O-O  10. Qe2 Bxf3 11. Qxf3 c5 12. Be3 Qb6 13. dxc5 Bxc5
14. b3 Ne5 15. Qe2 Nxd3 16. Qxd3 Rfd8 17. Qe2 Bxe3  1/2-1/2

[Event "11. OSEM 2017"]
[Site "Büsum"]
[Date "2017.09.11"]
[Round "4.10"]
[White "Hanisch, Friedrich"]
[Black "Rahls, Peter"]
[Result "1/2-1/2"]
[BlackElo "2151"]
[BlackTeam "SK Zehlendorf"]
[WhiteElo "2081"]
[WhiteTeam "SV Lauf"]

1. d4 d5 2. c4 c6 3. cxd5 cxd5 4. Bf4 Nc6 5. e3 e6 6. Nc3 Bb4 7. Rc1 Nf6 8. Bd3
O-O  9. Nf3 Bd7 10. O-O  Bxc3 11. Rxc3 Ne4 12. Bxe4 dxe4 13. Ne5 f6 14.
Nc4 Ne7 15. Bd6 Rf7 16. Bxe7 Rxe7 17. Qc2 Bc6 18. b4 Rd7 19. Nd2 e5 20. Nb3 Bb5
21. Rc1 Bd3 22. Qd2 exd4 23. Nxd4 Qe7 24. Rc8+ Rxc8 25. Rxc8+ Kf7 26. Qc3 Kg6
27. h3 h6 28. a3 b6 29. Qc1 Qe5 30. Qc3 Ba6 31. Rc6 Bb7 32. Rc4 h5 33. Qc1 f5
34. g3  1/2-1/2

[Event "11. OSEM 2017"]
[Site "Büsum"]
[Date "2017.09.11"]
[Round "4.11"]
[White "Szenetra, Werner"]
[Black "Leiber, Bernard"]
[Result "1/2-1/2"]
[BlackElo "2074"]
[BlackTeam "SV Osnabrück"]
[WhiteElo "2148"]
[WhiteTeam "SV Berenbostel"]

1. Nf3 d5 2. g3 Nc6 3. Bg2 e5 4. d3 Nf6 5. O-O  Bc5 6. Nxe5 Nxe5 7. d4 Bd6
8. dxe5 Bxe5 9. c4 dxc4 10. Qxd8+ Kxd8 11. Na3 c3 12. bxc3 Bxc3 13. Rb1 c6 14.
Rb3 Ba5 15. Nc4 Bc7 16. Rd1+ Ke8 17. Nd6+ Bxd6 18. Rxd6 Nd5 19. Ba3 f6 20. e4
Nb6 21. Bf1 Kf7 22. Bc5 Be6 23. Rb2 Rhb8 24. Rd4 Rd8 25. Rdb4 Rd7 26. f4 g6 27.
a4 Rb8 28. Bxb6 axb6 29. Rxb6 Ra8 30. Rxb7 Rxa4 31. Rxd7+ Bxd7 32. Rb7 Ke7 33.
Bh3 Rd4 34. Kf2 Kd8 35. Ke3 c5 36. Bxd7 Rxd7 37. Rb6 Ke7 38. Rc6 Ra7 39. Rxc5
Kd6 40. Rc2 Ra3+ 41. Kf2 Ra4 42. Rd2+ Ke6 43. Ke3 Ra3+ 44. Rd3 Ra2 45. h4 h5
46. Rb3 Ra6 47. Kf3 Ra7 48. g4 hxg4+ 49. Kxg4 f5+ 50. Kg5 fxe4 51. Kxg6 Ra1 52.
Rb5 Rg1+ 53. Kh5 Kf6 54. Re5 Rg8 55. Rg5 Re8  1/2-1/2

[Event "11. OSEM 2017"]
[Site "Büsum"]
[Date "2017.09.11"]
[Round "4.12"]
[White "Kliewe, Hans-Jürgen"]
[Black "Paus, Franz"]
[Result "1/2-1/2"]
[BlackElo "2145"]
[BlackTeam "SC Bayer Uerdingen"]
[WhiteElo "2037"]
[WhiteTeam "ASV Wismar"]

1. d4 Nf6 2. Nf3 c5 3. c3 cxd4 4. cxd4 d5 5. Nc3 e6 6. Bf4 Bd6 7. Bg5 Be7 8. e3
Nc6 9. Bd3 h6 10. Bh4 O-O  11. Rc1 Bd7 12. O-O  Ne4 13. Bxe7 Nxc3 14.
Rxc3 Nxe7 15. Qb3 Rb8 16. Rfc1 Nc6 17. Qa3 a6 18. Qd6 Re8 19. b4 Qe7 20. Qxe7
Rxe7 21. g3 Kf8 22. Nd2 Na7 23. Rc5 Bb5 24. Bb1 Ree8 25. f3 Rec8 26. e4 Bc6 27.
exd5 exd5 28. Bd3 Ke7 29. Nf1 Kd6 30. Ne3 g6 31. Ng4 Bd7 32. Ne5 Be6 33. Kf2
Rxc5 34. bxc5+ Kc7 35. Rb1 g5 36. f4 f6 37. Ng6 Nc6 38. f5 Bd7 39. Rb6 Re8 40.
g4 Kc8 41. h4 Kc7  1/2-1/2

[Event "11. OSEM 2017"]
[Site "Büsum"]
[Date "2017.09.11"]
[Round "4.13"]
[White "Rüberg, Jobst"]
[Black "Villing, Dieter"]
[Result "0-1"]
[BlackElo "2040"]
[BlackTeam "SK Ludwigshafen"]
[WhiteElo "2130"]
[WhiteTeam "SV Ahlen"]

1. e4 d6 2. d4 Nf6 3. Nc3 c6 4. Bd3 e5 5. Nf3 Nbd7 6. O-O  Be7 7. Ne2 O-O
 8. Ng3 Re8 9. c3 Qb6 10. h3 Bf8 11. Re1 g6 12. a4 a5 13. Rb1 Bg7 14. Be3
Qc7 15. Bc2 Nf8 16. Qd2 Kh8 17. Rbd1 Ng8 18. Ng5 h6 19. Nf3 Be6 20. b3 Rad8 21.
Qc1 Nh7 22. c4 c5 23. dxe5 dxe5 24. Nh2 h5 25. Nf3 b6 26. Ng5 Nxg5 27. Bxg5 f6
28. Be3 Rxd1 29. Rxd1 Rd8 30. Rxd8 Qxd8 31. f4 exf4 32. Bxf4 Ne7 33. Qd1 Qxd1+
34. Bxd1 Nc8 35. Kf2 Kg8 36. Ne2 f5 37. exf5 Bxf5 38. Ng3 Bb1 39. Nf1 Bf8 40.
Nd2 Bf5 41. g4 hxg4 42. hxg4 Bd7 43. Ne4 Be7 44. Bf3 Kf7 45. Ng5+ Kg7 46. Ne4
Kf7 47. Kg3 Bd8 48. Be5 Be7 49. Kf4 Bc6 50. Be2 Ke6 51. Bb8 Nd6 52. Bxd6 Bxd6+
53. Nxd6 Kxd6 54. Bd3 g5+ 55. Kf5 Bf3 56. Bc2 Be2 57. Kxg5 Ke5 58. Kh4 Kd4 59.
g5 Kc3 60. Be4 Kxb3 61. Bd5 Bd3 62. Kh5 Kxa4 63. g6 Bxg6+ 64. Kxg6 Kb4 65. Kf5
a4  0-1

[Event "11. OSEM 2017"]
[Site "Büsum"]
[Date "2017.09.11"]
[Round "4.14"]
[White "Krebel, Christoph"]
[Black "Lotzien, Hans"]
[Result "1/2-1/2"]
[BlackElo "2126"]
[BlackTeam "Godesberger SK"]
[WhiteElo "2021"]
[WhiteTeam "SV Wesel"]

1. d4 d5 2. c4 c6 3. Nf3 dxc4 4. e4 Bg4 5. Bxc4 e6 6. Be3 Nf6 7. Nbd2 Bb4 8. Qb3
Qb6 9. O-O  Bxd2 10. Nxd2 Qxb3 11. Bxb3 O-O 12. f3  1/2-1/2

[Event "11. OSEM 2017"]
[Site "Büsum"]
[Date "2017.09.11"]
[Round "4.15"]
[White "Strobel, Walter"]
[Black "Nordby, Bernt"]
[Result "0-1"]
[BlackElo "2027"]
[BlackTeam "Frederiksstad Schakselskap"]
[WhiteElo "2189"]
[WhiteTeam "SK Klingenberg"]

1. e4 e6 2. d4 d5 3. Nc3 Bb4 4. e5 Qd7 5. Qg4 f5 6. Qg3 b6 7. Nh3 Ba6 8. Bxa6
Nxa6 9. Nf4 O-O-O 10. Bd2 Kb7 11. O-O-O Bf8 12. Nce2 Ne7 13. h4 c5 14. Kb1 Nc6
15. c3 c4 16. b4 Nc7 17. Ka1 a5 18. Rb1 axb4 19. cxb4 Nb5 20. Bc3 Ra8 21. Rhc1
Ra3 22. Qg5 Be7 23. Qxg7 Rha8 24. Rb2 Nxc3 25. Rxc3 Rxc3 26. Nxc3 Nxd4 27.
Ncxd5 exd5 28. Qxh7 c3  0-1

[Event "11. OSEM 2017"]
[Site "Büsum"]
[Date "2017.09.11"]
[Round "4.16"]
[White "Jäke, Wilhelm"]
[Black "Hassenrück, Helmut"]
[Result "1/2-1/2"]
[BlackElo "2167"]
[BlackTeam "SG-Gladbeck"]
[WhiteElo "1983"]
[WhiteTeam "Kropper SC"]

1. Nf3 Nf6 2. g3 b6 3. Bg2 Bb7 4. O-O  e6 5. d3 d5 6. Nbd2 Nbd7 7. Re1 Bc5
8. c3 a5 9. e3 O-O  10. b3 Re8 11. Bb2 e5 12. d4 Bd6 13. dxe5 Nxe5 14. Nxe5
Bxe5 15. Qc2 Qe7 16. Rad1 Rad8 17. Nf3 Bd6 18. Nd4 g6 19. Nb5 Bc5 20. Nd4 Ne4
21. Bxe4 dxe4 22. c4 Bb4 23. Bc3 Bxc3 24. Qxc3 Qc5 25. Qc2 Bc8 26. Ne2 Bf5 27.
Rxd8 Rxd8 28. Rd1 Re8 29. Rd5 Qe7 30. Qd2 Bg4 31. Nf4 c6 32. Rd4 Qe5 33. h3 Bf3
34. Kh2 c5 35. Rd8 Rxd8 36. Qxd8+ Kg7 37. h4 Qa1 38. Ne6+  1/2-1/2

[Event "11. OSEM 2017"]
[Site "Büsum"]
[Date "2017.09.11"]
[Round "4.18"]
[White "Kracht, Helmut"]
[Black "Gehrmann, Rudolf-Rainer"]
[Result "1/2-1/2"]
[BlackElo "2096"]
[BlackTeam "SV Eutin"]
[WhiteElo "1979"]
[WhiteTeam "SK Kaltenkirchen"]

1. e4 c5 2. Nf3 d6 3. d4 cxd4 4. Nxd4 Nf6 5. Nc3 g6 6. Bg5 Bg7 7. Bb5+ Bd7 8.
Qe2 a6 9. Bxd7+ Nbxd7 10. O-O-O O-O  11. f4 Qc7 12. f5 Rac8 13. fxg6 hxg6
14. h4 Qa5 15. Nb3 Qe5 16. Rh3 Rxc3 17. bxc3 Nxe4 18. Re3 d5 19. Rxe4 dxe4 20.
Rxd7 Qxc3 21. Qxe4 e6 22. g4 Rc8 23. Rd8+ Rxd8 24. Bxd8 Qb2+ 25. Kd1 Qxa2 26.
Qxb7 Qb1+ 27. Kd2 Qf1 28. Qe4 Qf2+ 29. Kd3 Qg3+ 30. Ke2 Qh2+ 31. Kf1 Qh3+ 32.
Qg2 Qc3 33. Ba5 Qc4+ 34. Kg1 e5 35. h5 gxh5 36. gxh5 Qh4 37. Qh2 Qg4+ 38. Qg2
Qd1+ 39. Kh2 Qxh5+ 40. Qh3 Qe2+ 41. Qg2 Qd1 42. Qa8+ Bf8 43. Qg2+ Bg7  1/2-1/2

[Event "11. OSEM 2017"]
[Site "Büsum"]
[Date "2017.09.11"]
[Round "4.19"]
[White "Neumann, Joachim"]
[Black "Ehlert, Horst"]
[Result "1/2-1/2"]
[BlackElo "1965"]
[BlackTeam "SV Laatzen"]
[WhiteElo "2093"]
[WhiteTeam "SC Agon Neumünster"]

1. c4 c5 2. g3 g6 3. Bg2 Bg7 4. Nc3 e6 5. d3 Ne7 6. Bg5 Nbc6 7. Qc1 h6 8. Bd2 h5
9. Nf3 Nf5 10. h4 d6 11. Ng5 Rb8 12. Rb1 Bd7 13. a3 a6 14. b4 Nce7 15. bxc5 Bc6
16. Bxc6+ Nxc6 17. cxd6 Qxd6 18. Nce4 Qe7 19. Nf3 O-O  20. O-O  Rfc8
21. Bc3 e5 22. Qb2 b5 23. cxb5 Rxb5 24. Qa1 Ncd4 25. Bxd4 exd4 26. Rfc1 Rxb1
27. Qxb1 Rxc1+ 28. Qxc1 Bf8 29. a4 Qb4 30. Qc4 a5 31. Ne5 Qxc4 32. dxc4 Bb4 33.
Nc6 Kf8 34. Nxb4 axb4 35. Nd2 Ne7 36. a5 Nc6 37. Nb3 Ke7 { Remis nach weiteren
Zügen  (  nicht rekonstruierbar  )}   1/2-1/2

[Event "11. OSEM 2017"]
[Site "Büsum"]
[Date "2017.09.11"]
[Round "4.20"]
[White "Bohnstorff, Michael"]
[Black "Pamperin, Gerhard"]
[Result "1/2-1/2"]
[BlackElo "1927"]
[BlackTeam "SF Schwerin"]
[WhiteElo "2065"]
[WhiteTeam "SC Lüneburg"]

1. d4 d5 2. c3 Nf6 3. Nf3 e6 4. Bf4 Nbd7 5. e3 c5 6. Nbd2 Be7 7. Be2 O-O  8.
h3 Qb6 9. Qb3 h6 10. O-O  Qd8 11. a4 c4 12. Qc2 b6 13. e4 Bb7 14. e5 Nh7
15. Rfe1 Re8 16. Rac1 Rc8 17. b3 cxb3 18. Qxb3 Rc7 19. Bd3 Qc8 20. Rc2 Ba6 21.
Bb5 Rd8 22. Rec1 Nhf8 23. c4 dxc4 24. Rxc4 Rxc4 25. Qxc4 Qxc4 26. Rxc4 Bxb5 27.
axb5 Ra8 28. Ra4 Nb8 29. Nc4 Nfd7 30. Nd6 a5 31. bxa6 Rxa6 32. Rxa6 Nxa6 33.
Nb5 Nb4 34. Nd2 Nd5 35. Be3 Nb8 36. Nc4 Bb4 37. Kf1 Nc6 38. Ke2 Na5 39. Kd3 Kf8
40. Ncd6 Ke7 41. g3 f5 42. exf6+ Kxf6 43. Ne4+ Ke7 44. Bd2 Kd7 45. Nbc3 Be7 46.
h4 Kc6 47. h5 Nb4+ 48. Ke2 b5 49. g4 Nc4 50. Bf4 Nd5 51. Bc1 b4 52. Nb1 Kb5 53.
g5 hxg5 54. Bxg5 Bf8 55. Kd3 b3 56. Nbc3+ Kb4 57. Nxd5+ exd5 58. Nc3 Nb2+ 59.
Kd2 Kc4 60. Nxd5 Kxd4 61. Ne3 Bb4+ 62. Kc1 Nd3+ 63. Kb1 Ke4 64. h6 gxh6 65.
Bxh6 Kf3 66. Nd1 Ke2 67. Nb2 Nxf2 68. Bg7 Be7 69. Bc3 Bg5 70. Nc4 Nd1 71. Bg7
Bd2 72. Nxd2 Kxd2 73. Bf6 Kd3 74. Kc1 Ne3 75. Kb2 Kc4 76. Bg7 Nd5 77. Be5 Nb6
78. Bg7 Kb4 79. Bc3+ Ka4 80. Bg7 Nc4+ 81. Kb1  1/2-1/2

[Event "11. OSEM 2017"]
[Site "Büsum"]
[Date "2017.09.11"]
[Round "4.21"]
[White "Zimmermann, Manfred"]
[Black "Lomer, Edmund"]
[Result "1/2-1/2"]
[BlackElo "2065"]
[BlackTeam "Eckernförder SC"]
[WhiteElo "1949"]
[WhiteTeam "Kieler SG"]

1. d4 Nf6 2. Nf3 g6 3. Nc3 d5 4. Bf4 c6 5. e3 Bg4 6. Be2 Bg7 7. Ne5 Bxe2 8. Qxe2
Nbd7 9. h3 Qb6 10. Rb1 O-O  11. O-O  Rac8 12. b4 a6 13. f3 Nxe5 14.
Bxe5 Nd7 15. Bxg7 Kxg7 16. Qd3 e5 17. Kh1 Rfe8 18. a4 exd4 19. exd4 Qc7 20.
Rfe1 Qg3 21. Re2 Rxe2 22. Qxe2 Nf6 23. Qd2 Re8 24. Kg1 Nh5 25. Ne2 Qh4 26. c3
h6 27. Rf1 f5 28. Kh2 Qe7 29. Rf2 Qd6+ 30. Kg1 g5 31. Nc1 Qf4 32. Nd3 Qxd2 33.
Rxd2 Re3 34. g4 fxg4 35. hxg4 Nf4 36. Nc5 Rxf3 37. Nxb7 Rxc3 38. Nc5 Rg3+ 39.
Kf1 Rxg4 40. Nxa6 Ne6 41. b5 cxb5 42. axb5 Rxd4 43. Rxd4 Nxd4 44. b6 Nc6 45. b7
Kf6 46. Nb4 Nb8 47. Nxd5+ Ke5 48. Ne3 h5 49. Kf2 Kf4 50. Nd5+ Kg4 51. Kg2 h4
52. Ne3+ Kf4 53. Nd5+ Ke4 54. Nc3+ Kd3 55. Nd1 Ke2 56. Nf2 Ke3 57. Ng4+ 
1/2-1/2

[Event "11. OSEM 2017"]
[Site "Büsum"]
[Date "2017.09.11"]
[Round "4.22"]
[White "Wittkugel, Friedhelm"]
[Black "Muuss, Klaus"]
[Result "1/2-1/2"]
[BlackElo "2064"]
[BlackTeam "VSF Flintbek"]
[WhiteElo "1941"]
[WhiteTeam "SV Kamen"]

1. d4 Nf6 2. c4 e6 3. Nc3 d5 4. e3 c6 5. a3 Be7 6. Nf3 O-O  7. Bd3 Nbd7 8.
O-O  dxc4 9. Bxc4 Re8 10. e4 Nf8 11. e5 Nd5 12. Ne4 f5 13. exf6 Nxf6 14.
Re1 b5 15. Ba2 Qc7 16. Nc5 Nd5 17. Ng5 Bf6 18. Nge4 Nd7 19. Bg5 Bxg5 20. Nxg5
Nxc5 21. dxc5 Qe7 22. Ne4 Bd7 23. Nd6 Rf8 24. Bxd5 cxd5 25. Qxd5 Qf6 26. Qd2
Bc6 27. Qe2 Bd5 28. Rad1 Qg6 29. Rxd5 exd5 30. Qe6+ Qxe6 31. Rxe6 Rf4 32. Kf1
b4 33. Re3 d4 34. Rd3 bxa3 35. bxa3 Rb8 36. g3 Rb1+ 37. Kg2 Rf6 38. Rxd4 Rc1
39. Ne4 Rc6 40. Rd7 a6 41. h4 h6 42. g4 Rc4 43. f3 a5 44. Kg3 a4 45. Ra7 Rc8
46. Nd6 R8xc5 47. Nxc4 Rxc4 48. g5 hxg5 49. hxg5 g6  1/2-1/2

[Event "11. OSEM 2017"]
[Site "Büsum"]
[Date "2017.09.11"]
[Round "4.23"]
[White "Walther, Reinhard"]
[Black "Van Dongen, Rob"]
[Result "1-0"]
[BlackElo "1907"]
[BlackTeam "VAS Amsterdam"]
[WhiteElo "2051"]
[WhiteTeam "SK Herzogenaurach"]

1. d4 d5 2. Bf4 Nf6 3. e3 Bf5 4. Nf3 e6 5. Nbd2 Bd6 6. Ne5 c6 7. h3 Qc7 8. g4
Bg6 9. Ndf3 Be4 10. Bd3 Nbd7 11. Nxd7 Nxd7 12. Bxd6 Qxd6 13. Bxe4 dxe4 14. Nd2
f5 15. Qe2 O-O-O 16. O-O-O g6 17. c4 Kb8 18. Nb3 Qe7 19. Qd2 Ne5 20. Qc2 Nd3+
21. Kb1 Qh4 22. Na5 Nxf2 23. Qb3 Rd7 24. Nxc6+ Kc7 25. Nxa7 Nxh1 26. c5 Kd8 27.
c6 bxc6 28. Nxc6+ Ke8 29. Qxe6+ Re7 30. Qc8+ Kf7 31. Qxh8 Nf2 32. Rf1 Re8 33.
Ne5+ Rxe5 34. Qxe5 Nd3 35. Qd5+ Kg7 36. gxf5 Qxh3 37. f6+ Kh6 38. Rg1 Qh4 39.
Qg5+  1-0

[Event "11. OSEM 2017"]
[Site "Büsum"]
[Date "2017.09.11"]
[Round "4.24"]
[White "Urbanek, Paul-Gerhard"]
[Black "Mikolajewski, Armin"]
[Result "1/2-1/2"]
[BlackElo "2047"]
[BlackTeam "Naumburger SV"]
[WhiteElo "1927"]
[WhiteTeam "SF Buxtehude"]

1. e4 e5 2. Nf3 Nc6 3. Bb5 a6 4. Ba4 Nf6 5. O-O  Be7 6. Bxc6 dxc6 7. Qe1 Qd6
8. d4 Nd7 9. dxe5 Nxe5 10. Nxe5 Qxe5 11. Qc3 Qxc3 12. Nxc3 Be6 13. Rd1 Bf6 14.
Ne2 Bc4 15. Nf4 Be5 16. Nd3 O-O-O 17. Bg5 Bxd3 18. Bxd8 Bxb2 19. cxd3 Bxa1 20.
Bxc7 Bd4 21. Ba5 b6 22. Be1 Re8 23. Kf1 Re5 24. Rc1 Kc7 25. Ke2 Rb5 26. Rc2 c5
27. f4 Kc6 28. g4 Rb1 29. Bf2 Rb2 30. Rxb2 Bxb2 31. Kd2 b5 32. Kc2 Ba1 33. Kb1
Bc3 34. Kc2 Ba1 35. Kb3 g6 36. h3 a5 37. a4 Bg7 38. e5 Bf8 39. f5 bxa4+ 40.
Kxa4 Kd5 41. fxg6 hxg6 42. Kxa5 c4 43. dxc4+ Kxc4 44. h4 Kd5 45. Bg3 Ke4 
1/2-1/2

[Event "11. OSEM 2017"]
[Site "Büsum"]
[Date "2017.09.11"]
[Round "4.25"]
[White "Kotlar, Alfred"]
[Black "Bendisch, Jürgen, Dr."]
[Result "1-0"]
[BlackElo "1903"]
[BlackTeam "SV Hennef"]
[WhiteElo "2041"]
[WhiteTeam "SC Recklinghausen Altstadt"]

1. d4 d5 2. Nf3 Nf6 3. Bg5 e6 4. e3 Be7 5. Nbd2 Nbd7 6. Bd3 h6 7. Bh4 c6 8. O-O
 O-O  9. Rc1 Nh5 10. Bg3 Nxg3 11. hxg3 Nf6 12. c3 Bd7 13. Bb1 Be8 14.
Ne5 Nd7 15. Ndf3 g6 16. e4 f5 17. exf5 exf5 18. Qb3 Qb6 19. Qc2 Kg7 20. Rce1
Qd8 21. Qe2 Bf6 22. Qc2 Be7 23. Qb3 Nxe5 24. Nxe5 Rb8 25. Re2 Qc7 26. Rfe1 Bd6
27. Nd3 b6 28. Nf4 Bxf4 29. Re7+  1-0

[Event "11. OSEM 2017"]
[Site "Büsum"]
[Date "2017.09.11"]
[Round "4.26"]
[White "Heinzel, Peter"]
[Black "Hansch, Klaus-Michael"]
[Result "1-0"]
[BlackElo "1893"]
[BlackTeam "SC Weisse Dame (Berlin)"]
[WhiteElo "2028"]
[WhiteTeam "SC Mülheim"]

1. c4 Nf6 2. g3 c6 3. Bg2 d5 4. Qc2 dxc4 5. Qxc4 Nbd7 6. b3 e6 7. Bb2 Be7 8. d3
O-O  9. Nd2 Nb6 10. Qc2 Nbd5 11. a3 Qc7 12. Ngf3 b6 13. e4 Bb7 14. exd5
exd5 15. O-O  c5 16. Rac1 b5 17. Bxf6 gxf6 18. Nh4 c4 19. dxc4 Bxa3 20.
cxd5 Qe5 21. Rce1 Qd6 22. Nf5 Qd8 23. Qe4 Kh8 24. Qd4 a5 25. Ne4 Be7 26. d6
Bxe4  1-0

[Event "11. OSEM 2017"]
[Site "Büsum"]
[Date "2017.09.11"]
[Round "4.27"]
[White "Gerhards, Walter"]
[Black "Limberg, Siegfried"]
[Result "1-0"]
[BlackElo "2019"]
[BlackTeam "SF Taunus"]
[WhiteElo "1916"]
[WhiteTeam "Ratinger SK"]

1. e4 c5 2. Nf3 e6 3. d4 cxd4 4. Nxd4 Nf6 5. Nc3 d6 6. Bb5+ Bd7 7. Bxd7+ Nbxd7
8. O-O  a5 9. Be3 Be7 10. Qe2 O-O  11. Rad1 Qc7 12. f4 b5 13. a3 Rac8
14. Kh1 Rfd8 15. Bf2 Nb6 16. Bg3 Nc4 17. e5 Nd7 18. exd6 Bxd6 19. Nxe6 fxe6 20.
Qxe6+ Kh8 21. Nd5 Qb7 22. b3 Re8 23. Qg4 Nxa3 24. f5 Bxg3 25. hxg3 Ne5 26. Qf4
Nxc2 27. f6 Ng6 28. Qf2 gxf6 29. Qxf6+ Qg7 30. Qa6 b4 31. Rf5 Nd4 32. Rf2 Rc2
33. Rxc2 Nxc2 34. Qc6 Re2 35. Nf4 Nd4 36. Qc8+ Nf8 37. Rxd4 Re1+ 38. Kh2 Qh6+
39. Nh3 Qf6 40. Rf4  1-0